NFL Champion Coaches (1920-Present) - Statistics

General Stats
  • This quiz has been taken 60 times
    25 since last reset
  • The average score is 74 of 105
Answer Stats
Hint Answer % Correct
Packers Vince Lombardi
100%
Giants Bill Parcells
94%
Steelers Chuck Noll
94%
Dolphins Don Schula
94%
Bears | Staleys George Halas
94%
Cowboys Jimmy Johnson
94%
Redskins Joe Gibbs
94%
Raiders John Madden
94%
Broncos Mike Shanahan
94%
Cowboys Tom Landry
94%
Rams Adam Walsh
89%
Chiefs Andy Reid
89%
Patriots Bill Belichick
89%
Steelers Bill Cowher
89%
49ers Bill Walsh
89%
Buccaneers Jon Gruden
89%
Packers Mike McCarthy
89%
Steelers Mike Tomlin
89%
Browns Paul Brown
89%
Seahawks Pete Carroll
89%
Rams Sean McVay
89%
Colts Tony Dungy
89%
Packers Earl "Curly" Lambeau
83%
Ravens John Harbaugh
83%
Saints Sean Payton
83%
Giants Tom Coughlin
83%
Buccaneers Bruce Arians
78%
Eagles Doug Pederson
78%
Chiefs Hank Stram
78%
Bears Mike Ditka
78%
Packers Mike Holmgren
78%
Eagles Nick Sirianni
78%
Colts | Jets Weeb Ewbank
78%
Ravens Brian Billick
72%
49ers George Seifert
72%
Cowboys Barry Switzer
67%
Broncos Gary Kubiak
67%
Raiders Tom Flores
67%
Giants Steve Owen
61%
Colts Don McCafferty
56%
Browns Bianton Collier
17%
Lions Buddy Parker
17%
Bulldogs | Yellow Jackets Guy Chamberlain
17%
Giants Jim Lee Howell
17%
Eagles Earie "Greasy" Neale
11%
Cardinals | Steam Rollers Jimmy Conzelman
11%
Redskins Ray Flaherty
11%
Eagles Buck Shaw
6%
Pros Elgie Tobin
6%
Lions George Wilson
6%
Rams Joe Stydahar
6%
Lions Potsy Clark
6%
Rams Dick Vermell
0%
Giants Earl Potteiger
0%
Cardinals Norman Barry
0%
No matching quizzes found
Score Distribution
Percent of People with Each Score
Percentile by Number Answered
Your Score History
You have not taken this quiz since the last reset